000 00407nam a2200169Ia 4500
008 221030s9999 xx 000 0 und d
020 _a9339221834
041 _aEnglish
100 _aA. Kazmi
245 0 _aStrategic Management
_cby A. Kazmi, A. Kazmi
250 _a4th
260 _bMcGraw - Hill Pub.
_aNew Delhi
_c2015
300 _a676
650 _aManagement
700 _aA. Kazmi
942 _cBK
999 _c16026
_d16026